000 00208 a2200097 4500
001 7226
100 _aThomas, G.B
245 _aCalculus and Analytic geometry
260 _a
_bAddison
_c
090 _c5969
_d5969
942 _aNUST-CAE
_cM
_c32454
999 _c242299
_d242299